College physics : (Record no. 72)

000 -LEADER
fixed length control field 01357cam a2200421 i 4500
001 - CONTROL NUMBER
control field 20182109
003 - CONTROL NUMBER IDENTIFIER
control field OSt
005 - DATE AND TIME OF LATEST TRANSACTION
control field 20241030094421.0
008 - FIXED-LENGTH DATA ELEMENTS--GENERAL INFORMATION
fixed length control field 171130t20182019maua b 001 0 eng c
010 ## - LIBRARY OF CONGRESS CONTROL NUMBER
LC control number 2017044155
020 ## - INTERNATIONAL STANDARD BOOK NUMBER
International Standard Book Number 9780134609034
Qualifying information (student edition)
020 ## - INTERNATIONAL STANDARD BOOK NUMBER
International Standard Book Number 0134609034
Qualifying information (student edition)
020 ## - INTERNATIONAL STANDARD BOOK NUMBER
International Standard Book Number 9780134779218
Qualifying information (NASTA)
020 ## - INTERNATIONAL STANDARD BOOK NUMBER
International Standard Book Number 0134779215
Qualifying information (NASTA)
040 ## - CATALOGING SOURCE
Original cataloging agency OU/DLC
Language of cataloging eng
Transcribing agency OU
Description conventions rda
Modifying agency DLC
042 ## - AUTHENTICATION CODE
Authentication code pcc
050 00 - LIBRARY OF CONGRESS CALL NUMBER
Classification number QC23.2
Item number .K649 2018
080 ## - UNIVERSAL DECIMAL CLASSIFICATION NUMBER
Universal Decimal Classification number 53
Item number K-61
082 00 - DEWEY DECIMAL CLASSIFICATION NUMBER
Classification number 530
Edition number 23
100 1# - MAIN ENTRY--PERSONAL NAME
Personal name Knight, Randall Dewey,
Relator term author.
245 10 - TITLE STATEMENT
Title College physics :
Remainder of title a strategic approach /
Statement of responsibility, etc. Randall D. Knight, Brian Jones, Stuart Field.
250 ## - EDITION STATEMENT
Edition statement Fourth edition.
260 ## - PUBLICATION, DISTRIBUTION, ETC.
Place of publication, distribution, etc. Boston :
Name of publisher, distributor, etc. Pearson,
Date of publication, distribution, etc. [2018]
264 #4 - PRODUCTION, PUBLICATION, DISTRIBUTION, MANUFACTURE, AND COPYRIGHT NOTICE
Date of production, publication, distribution, manufacture, or copyright notice ©2019
300 ## - PHYSICAL DESCRIPTION
Extent 1 volume (various pagings) :
Other physical details color illustrations ;
Dimensions 29 cm
336 ## - CONTENT TYPE
Content type term text
Content type code txt
Source rdacontent
337 ## - MEDIA TYPE
Media type term unmediated
Media type code n
Source rdamedia
338 ## - CARRIER TYPE
Carrier type term volume
Carrier type code nc
Source rdacarrier
365 ## - TRADE PRICE
Price amount 129.02 usd
504 ## - BIBLIOGRAPHY, ETC. NOTE
Bibliography, etc. note Includes bibliographical references and index.
650 #0 - SUBJECT ADDED ENTRY--TOPICAL TERM
Topical term or geographic name entry element Physics
Form subdivision Textbooks.
653 ## - INDEX TERM--UNCONTROLLED
Uncontrolled term ფიზიკა
700 1# - ADDED ENTRY--PERSONAL NAME
Personal name Jones, Brian,
Dates associated with a name 1960-
Relator term author.
700 1# - ADDED ENTRY--PERSONAL NAME
Personal name Field, Stuart,
Dates associated with a name 1958-
Relator term author.
906 ## - LOCAL DATA ELEMENT F, LDF (RLIN)
a 7
b cbc
c orignew
d 1
e ecip
f 20
g y-gencatlg
942 ## - ADDED ENTRY ELEMENTS (KOHA)
Source of classification or shelving scheme
Koha item type Books
Edition 4
Holdings
Withdrawn status Lost status Source of classification or shelving scheme Damaged status Not for loan Permanent location Current location Date acquired Inventory number Full call number Barcode Date last seen Price effective from Koha item type
          Ken Walker International University Ken Walker International University 11/06/2020 97 53 K-61 97 04/06/2026 11/06/2020 Books

Powered by Koha